000 00574nam a2200205 i 4500
001 149500
003 ES-MaACL
005 20230906203129.0
007 t|
008 071023s1979 sp ||||1| spa d
100 1 _aVarela Llanos, Fernando.
_9113162
245 1 0 _aSeguro de aviación /
_cFernando Varela Llanos.
260 _aMadrid :
_bMapfre,
_c[1979]
300 _a207 p. ;
_c21 cm.
490 1 _aTemas de seguros
650 1 4 _aSeguros aéreos.
_917026
830 0 _aTemas de seguros
_9181671
852 _aES-MaACL
_jA-10011
_bR.99346
999 _c149500
_d149500